Real analysis / (Record no. 88681)

MARC details
000 -LEADER
campo de control de longitud fija 00422nam a2200157 i 4500
001 - NÚMERO DE CONTROL
campo de control 88681
003 - IDENTIFICADOR DE NÚMERO DE CONTROL
campo de control ES-MaACL
005 - FECHA Y HORA DE LA ÚLTIMA TRANSACCIÓN
campo de control 20230906175914.0
007 - CAMPO FIJO DE DESCRIPCIÓN FÍSICA--INFORMACIÓN GENERAL
campo de control de longitud fija t|
008 - DATOS DE LONGITUD FIJA--INFORMACIÓN GENERAL
campo de control de longitud fija 050105s1969 xxu ||||1| eng d
100 1# - ENTRADA PRINCIPAL--NOMBRE DE PERSONA
Nombre de persona Lang, Serge.
9 (RLIN) 70004
245 10 - MENCIÓN DEL TÍTULO
Título Real analysis /
Mención de responsabilidad, etc. Serge Lang.
260 ## - PUBLICACIÓN, DISTRIBUCIÓN, ETC.
Lugar de publicación, distribución, etc. Reading, Massachusetts :
Nombre del editor, distribuidor, etc. Addison-Wesley,
Fecha de publicación, distribución, etc. [1969]
300 ## - DESCRIPCIÓN FÍSICA
Extensión XI, 476 p. ;
Dimensiones 24 cm.
852 ## - LOCALIZACIÓN
Ubicación ES-MaACL
Número de control de estantería A-6476
Sublocalización o colección R.95386
Holdings
Estatus retirado Estado de pérdida Estado de daño No para préstamo Biblioteca de origen Biblioteca actual Ubicación en estantería Fecha de adquisición Fuente de adquisición Total de préstamos Signatura topográfica completa Código de barras Visto por última vez Precio de reemplazo Tipo de ítem Koha
        Biblioteca del Ateneo de Madrid Biblioteca del Ateneo de Madrid Sala Pecera Planta 1 17/01/2008     A-6476 1092630 23/02/2023 23/02/2023 Libro impreso